[Event "UKR-ch Semifinal 2018"]
[Site "Omelnyk"]
[Date "2018.10.29"]
[Round "4.1"]
[White "Neverov, Valeriy"]
[Black "Kovchan, Alexander"]
[Result "1/2-1/2"]
[WhiteElo "2488"]
[BlackElo "2579"]
[Annotator "TA"]
[PlyCount "19"]
[EventDate "2018.11.26"]
[EventType "tourn"]
[EventCountry "UKR"]

{[%evp 18,19,47,0]} 1. d4 Nf6 2. c4 g6 3. Nc3 d5 4. Bf4 Bg7 5. e3 O-O 6. Nf3 Be6 $146 ({Predecessor:} 6... c5 7. dxc5 Qa5 8. Rc1 dxc4 9. Bxc4 Qxc5 10. Bb3 Nc6 11. O-O Qa5 12. h3 Bf5 13. Qe2 Ne4 14. Nd5 e5 15. Bg5 Nxg5 16. Nxg5 Qd8 17. h4 h6 18. g4 Bd7 19. Ne4 f5 20. gxf5 Bxf5 21. Ne7+ Kh7 22. Nxf5 gxf5 {1-0 (52) Riazantsev,A (2671)-Kulaots,K (2556) Tallinn 2016}) 7. Ng5 Bc8 8. Nf3 Be6 9. Ng5 Bc8 10. Nf3 {LiveBook: 884 Games} 1/2-1/2

[Event "UKR-ch Semifinal 2018"]
[Site "Omelnyk"]
[Date "2018.10.29"]
[Round "4.2"]
[White "Bogdanovich, Stanislav"]
[Black "Borsuk, Konstantin"]
[Result "1-0"]
[WhiteElo "2523"]
[BlackElo "2354"]
[Annotator "TA"]
[PlyCount "119"]
[EventDate "2018.11.26"]
[EventType "tourn"]
[EventCountry "UKR"]

{[%evp 14,119,47,48,48,52,50,60,62,52,60,62,77,59,62,70,67,41,41,46,59,25,24,25,4,-53,-28,-73,-75,-97,-93,-89,-27,-43,0,0,0,-75,0,0,0,0,0,0,264,263,257,0,0,0,0,-417,-400,-562,-532,-486,-248,-235,0,0,45,42,59,71,363,356,304,0,0,17,32,0,0,0,46,-17,66,56,28,11,212,94,239,248,394,394,391,364,354,295,653,639,517,843,1164,1039,1284,1733,1404,12843,12844,12844,12845,12845,12850,29977,29977,29978]} 1. d4 Nf6 2. c4 e6 3. g3 Bb4+ 4. Bd2 Qe7 5. Bg2 Bxd2+ 6. Qxd2 {E00: Catalan Bogo-Indian (3 g3 Bb4+)} d6 7. Nc3 O-O 8. e4 {LiveBook: 3 Games. White is slightly better.} e5 9. Nge2 Bg4 $146 ({Predecessor:} 9... c5 10. d5 Na6 11. O-O Nc7 12. a3 a6 13. b4 Nd7 {½-½ (66) Laznicka,V (2667)-Socko,B (2614) Czechia 2015}) 10. f3 Be6 11. b3 a5 12. O-O Na6 13. Nd5 Bxd5 14. cxd5 a4 15. Rac1 axb3 16. axb3 Qd7 17. f4 Rfe8 18. fxe5 dxe5 19. Rxf6 (19. Rc4 $11) 19... gxf6 $15 20. Rf1 Qd6 21. Bh3 Kg7 {[%cal Bg8g7,Bg7f8,Bf8e7,Be7d6,Bd6c5][%mdl 32]} 22. Rf5 Nb4 (22... h6 $17 23. Rh5 Rh8) 23. Rh5 $11 {Qh6+ would kill now.} Kf8 (23... f5 $5 24. Bxf5 h6 $15) 24. Rxh7 {Hoping for Be6!} Ra1+ 25. Kf2 (25. Kg2 $11 Ra2 26. Qh6+ Ke7 27. Qh5) 25... Ra2 (25... Ke7 $1 $17 26. dxe5 fxe5) 26. Qh6+ Ke7 27. Be6 Rf8 28. Qg6 {[%cal Rh7f7]} Qd8 $2 {[%mdl 8192]} (28... Kd8 $11 29. Rxf7 Rxf7 30. Qxf7 c6) 29. Bxf7 $18 (29. Rxf7+ Rxf7 30. Qxf7+ Kd6 $11) 29... Rh8 30. Rg7 $2 (30. Kf3 $1 $18 {White wants to mate with dxe5.} Rxh7 31. Qxh7) 30... Kd6 $1 $11 ({Avoid the trap} 30... Rxh2+ $2 31. Kf3 $18) 31. Kf3 $40 {[%mdl 128] Black needs to defend precisely.} Rxe2 32. dxe5+ $2 {[%mdl 8192]} (32. Kxe2 $11 {and White is okay.} Rxh2+ 33. Kd1 exd4 34. e5+ $1 {[%mdl 512]} Kc5 35. Qxf6 Rh1+ 36. Kd2 Rh2+ 37. Kd1 Rh1+ 38. Kd2 Rh2+ 39. Kd1) 32... Kc5 $19 33. Kxe2 (33. Rg8 {was worth a try.} Rxg8 34. Qxg8 Qxg8 35. Bxg8) 33... Rxh2+ 34. Ke3 Nc2+ 35. Kf3 {[#]} fxe5 $2 (35... Nd4+ $1 $19 36. Ke3 fxe5) 36. Be8 Kd4 {[#]} 37. d6 $1 {[%mdl 512]} cxd6 38. Rd7 Qa5 $2 {[%mdl 8192]} (38... Qb8 $16 {was necessary.}) 39. Qxd6+ $18 Kc3 40. Rc7+ $2 (40. Rxb7 Kb2 $14) (40. b4 $1 $18 {[%cal Rb4a5]} Qa7 41. Qxe5+ Nd4+ 42. Kg4) 40... Kb2 $11 {aiming for ...Nd4+.} 41. Kg4 Nd4 {Strongly threatening ...Qd2.} 42. Bg6 Qb5 {White should prevent ...Qe2+.} 43. Rc4 Rd2 ({Don't blunder} 43... Qxb3 $2 44. Rb4 $18) 44. Kh5 (44. Qe7 $14) 44... Rd3 (44... Nf3 $11 45. Qe6 Qxb3) 45. Rc5 (45. g4 $5 {[%cal Rg6f7]}) 45... Qxb3 {...Qd1+ is the strong threat.} 46. Qxe5 Qd1+ $2 (46... b5 $1 $11 {and Black has nothing to worry.}) 47. Kh6 (47. g4 $18) 47... b6 (47... Qd2+ $16 48. Kg7 Rxg3) 48. Rb5+ $18 Rb3 (48... Kc2 $142) 49. Rd5 Kc3 50. Qc7+ Kb2 51. Qd6 Qd2+ $2 (51... Kc3 52. g4 Rb5) 52. Kh7 Qh2+ 53. Kg7 Nf3 54. e5 {[%cal Be4e5,Be5e6,Be6e7][%mdl 32]} Qxg3 55. e6 Qxd6 56. Rxd6 Re3 57. Kf8 Ne5 58. e7 Nxg6+ 59. Rxg6 b5 60. Rb6 {Precision: White = 60%, Black = 43%.} 1-0

[Event "UKR-ch Semifinal 2018"]
[Site "Omelnyk"]
[Date "2018.10.29"]
[Round "4.3"]
[White "Bernadskiy, Vitaliy"]
[Black "Voitovich, Vladislav"]
[Result "1-0"]
[WhiteElo "2547"]
[BlackElo "2347"]
[Annotator "TA"]
[PlyCount "63"]
[EventDate "2018.11.26"]
[EventType "tourn"]
[EventCountry "UKR"]

{[%evp 19,63,0,10,0,8,0,10,2,22,18,28,31,31,30,49,37,40,26,33,34,33,44,35,29,35,39,40,37,40,40,133,121,185,186,185,186,177,47,385,92,85,91,1051,1043,29987,29988]} 1. e4 e5 2. Nf3 Nc6 3. Bb5 {[%cal Bf1b5,Bb5a4,Ba4b3][%mdl 32]} a6 4. Ba4 Nf6 5. O-O b5 6. Bb3 Bc5 7. a4 Rb8 {C78: Ruy Lopez: Archangelsk and Möller Defences} 8. d3 d6 9. c3 O-O 10. Nbd2 {[%cal Bb1d2,Bd2f1,Bf1g3][%mdl 32]} Bb6 {LiveBook: 5 Games} 11. h3 Na5 $146 ({Predecessor:} 11... Ne7 12. Re1 Ng6 13. Nf1 h6 14. Ng3 Re8 15. d4 {½-½ (29) Leko,P (2722)-Topalov,V (2735) Monte Carlo 2004}) 12. Bc2 c5 13. axb5 axb5 14. Re1 Re8 15. Nf1 h6 16. Ng3 d5 17. exd5 Qxd5 18. d4 cxd4 19. cxd4 e4 20. Bf4 $36 {[%mdl 2048] White fights for an advantage.} Ra8 {[#] Threatens to win with ...Bb7.} 21. Nd2 {[%cal Rd2e4]} Bb7 22. Ndxe4 Nxe4 23. Rxe4 Re6 24. Qf1 {Strongly threatening Rxe6.} Nc6 (24... Rae8 $14 25. Rae1 Bxd4) 25. Rxe6 $16 Qxe6 (25... fxe6 $16 26. Rxa8+ Bxa8) 26. Rxa8+ $18 Bxa8 {[#]} 27. Be4 $1 Qb3 28. Nf5 (28. Qc1 $18 Qc4 29. Qxc4 bxc4 30. Be3) 28... Kh8 $2 {[%mdl 8192]} ({Black should try} 28... Qe6 $1 $14 29. Ng3 Bxd4 30. Qxb5 Ba7) 29. Qc1 $2 (29. Qe1 $18) 29... Qe6 $16 30. Bxh6 Nxd4 $2 {[%mdl 8192]} ({Not} 30... gxh6 $2 31. d5 $18) (30... Bxd4 $16 31. Qb1 gxh6) 31. Bxg7+ $18 Kh7 32. Nxd4+ {Precision: White = 62%, Black = 22%.} 1-0

[Event "UKR-ch Semifinal 2018"]
[Site "Omelnyk"]
[Date "2018.10.29"]
[Round "4.4"]
[White "Gayun, Dmytro"]
[Black "Gasanov, Eldar"]
[Result "0-1"]
[WhiteElo "2234"]
[BlackElo "2502"]
[Annotator "TA"]
[PlyCount "56"]
[EventDate "2018.11.26"]
[EventType "tourn"]
[EventCountry "UKR"]

{[%evp 21,56,0,0,0,0,0,0,-88,-84,-83,-84,-84,-70,-85,-84,-170,-105,-95,-94,-94,-100,-100,-107,-472,-476,-469,-475,-467,-466,-495,-480,-494,-482,-483,-489,-481,-479]} 1. d4 Nf6 2. c4 e6 3. g3 Bb4+ 4. Bd2 a5 5. Bg2 d5 6. Nf3 O-O 7. O-O dxc4 {E11: Damenindisch (Bogoljubow-Variante)} 8. Qc2 (8. Bg5 h6 9. Bxf6 Qxf6 10. a3 Bd6 11. Nc3 Nc6 12. Rc1 e5 13. d5 Nd4 14. Nxd4 exd4 15. Ne4 {0-1 (66) Ding,L (2777)-Wang,H (2709) Huaian 2017}) 8... Bxd2 9. Nbxd2 b5 10. a4 c6 11. b3 cxb3 {LiveBook: 34 Partien} 12. Nxb3 b4 13. Ne5 Nd5 14. Nxc6 (14. Be4 $11) 14... Nxc6 $17 15. Qxc6 {[#]} Ra6 $146 {[%cal Ra6c6]} 16. Qc4 Nc3 17. e3 Qd6 18. e4 (18. Qc5 $17) 18... Rc6 (18... e5 $19 19. dxe5 Qxe5) 19. e5 Rxc4 20. exd6 Bd7 $36 {[%mdl 2048] Weiss muss aufpassen.} 21. Rfe1 Bxa4 22. Bf1 $2 {[%mdl 8192] [#]} (22. Nxa5 $17 Rxd4 23. Bc6 Bxc6 24. Nxc6 Rxd6 25. Nxb4) 22... Bxb3 $19 {Schwarz steht klar auf Gewinn.} 23. Bxc4 Bxc4 24. Rxa5 Rd8 25. Rc5 Bd5 26. Ra1 g5 27. Ra6 Ne4 28. Rb6 b3 {Precision: Weiß = 30%, Schwarz = 97%.} 0-1

[Event "UKR-ch Semifinal 2018"]
[Site "Omelnyk"]
[Date "2018.10.29"]
[Round "4.5"]
[White "Grinev, Valeriy"]
[Black "Pavlov, Sergey"]
[Result "1/2-1/2"]
[WhiteElo "2414"]
[BlackElo "2480"]
[Annotator "TA"]
[PlyCount "30"]
[EventDate "2018.11.26"]
[EventType "tourn"]
[EventCountry "UKR"]

{[%evp 13,30,41,62,0,4,16,18,18,27,10,22,0,0,-15,-10,-52,-34,-39,-27]} 1. d4 Nf6 2. c4 e6 3. Nf3 d5 4. Nc3 dxc4 5. e4 b5 6. e5 {D24: Queen's Gambit Accepted: 3 Nf3 Nf6 4 Nc3} Nd5 7. Nxb5 Nb6 {LiveBook: 45 Games} 8. g3 (8. Be3 $14) (8. Be2 Nc6 9. O-O Be7 10. Qd2 O-O 11. Qf4 Rb8 12. Nc3 f5 13. Qg3 {1-0 (38) Ding,L (2804)-Duda,J (2739) Batumi 2018}) 8... Bb7 $11 9. Bg2 Be7 10. O-O Nc6 $146 {[%cal Bb8c6,Bc6b4,Bb4c2,Bc2e3][%mdl 32]} ({Predecessor:} 10... O-O 11. Qc2 Nc6 12. Rd1 Rb8 13. Be3 {0-1 (44) Swapnil,S (2493)-Svane,R (2595) Douglas 2018}) 11. Ne1 O-O 12. Qg4 {Strongly threatening Bh6.} Kh8 13. Nf3 Nb4 14. Be3 Nc2 {...Nd5 is the strong threat.} 15. Rad1 Nxe3 1/2-1/2

[Event "UKR-ch Semifinal 2018"]
[Site "Omelnyk"]
[Date "2018.10.29"]
[Round "4.6"]
[White "Sivuk, Vitaly"]
[Black "Galperin, Platon"]
[Result "1/2-1/2"]
[WhiteElo "2545"]
[BlackElo "2334"]
[Annotator "TA"]
[PlyCount "62"]
[EventDate "2018.11.26"]
[EventType "tourn"]
[EventCountry "UKR"]

{[%evp 22,62,2,-15,-7,-16,38,31,27,-37,-31,-22,117,-27,33,-16,-26,-23,-31,-31,59,0,0,0,11,14,14,-18,22,20,27,-149,-170,-169,-168,-158,0,0,0,0,0,0,0]} 1. Nf3 d5 2. d4 Nf6 3. c4 e6 4. Nc3 Bb4 5. g3 dxc4 6. Bg2 O-O 7. O-O Nc6 8. Qa4 {E20: Nimzo-Indian: 4 g3 and 4 f3} Nd5 {[%cal Bf6d5,Bd5b4,Bb4d3][%mdl 32]} 9. Qc2 Be7 10. Rd1 Rb8 (10... Bd7 11. e4 Ncb4 12. Qd2 Nb6 13. Ne5 Nc6 14. Nxc6 Bxc6 15. Qc2 f5 {1-0 (62) Caruana,F (2822)-So,W (2780) Saint Louis 2018}) 11. e4 Ndb4 12. Qe2 {LiveBook: 5 Games} Nd3 13. Be3 $1 a6 (13... b5 $11) 14. b3 $14 b5 {[%cal Bb7b5,Bb5c4][%mdl 32]} 15. bxc4 $146 (15. Rab1 $11) ({Predecessor:} 15. Rab1 Bd7 {1-0 (49) Niemann,H (2329)-Adamson,R (2210) Charlotte 2018}) 15... bxc4 $15 16. Rab1 Bb7 (16... a5 $11 {remains equal.}) 17. h4 (17. d5 $16) 17... Qd7 (17... Bf6 $11 18. e5 Be7) 18. Bh3 Qd6 19. d5 exd5 $1 20. Nxd5 Na5 (20... a5 $15) 21. Nd4 ({White should try} 21. Rxb7 $1 $14 Rxb7 22. Nd4) 21... Bxd5 $11 22. Nf5 Qe5 23. exd5 Bc5 24. Qd2 (24. Qf3 {seems wilder.} Bxe3 25. Nxe3 Rxb1 26. Rxb1 Qd4 27. Nf5) 24... Bxe3 25. Nxe3 {[#] And now Rxb8 would win.} Rb2 $1 {[%cal Rb2d2]} 26. Qxa5 $2 ({White must play} 26. Rxb2 $11 Qxb2 27. Bf1) 26... Rxf2 $17 27. Rxd3 Qxg3+ 28. Bg2 {[#] Hoping for Rd2.} Re2 $2 ({Resist} 28... cxd3 29. Qe1 $15) (28... Rf4 $1 $17 {( -> ...Qf2+)} 29. Qe1 Qxe1+ 30. Rxe1 cxd3) 29. Ra3 $11 {The position is equal.} Qf2+ 30. Kh1 {aiming for Rf1.} Qxh4+ 31. Kg1 {Rf1 is the strong threat.} Qf2+ {Precision: White = 35%, Black = 37%.} 1/2-1/2

[Event "UKR-ch Semifinal 2018"]
[Site "Omelnyk"]
[Date "2018.10.29"]
[Round "4.7"]
[White "Larkin, Vladyslav"]
[Black "Bortnyk, Mykola"]
[Result "1/2-1/2"]
[WhiteElo "2234"]
[BlackElo "2462"]
[Annotator "TA"]
[PlyCount "112"]
[EventDate "2018.11.26"]
[EventType "tourn"]
[EventCountry "UKR"]

{[%evp 13,112,0,0,-4,0,0,0,0,0,0,0,-22,-9,-18,0,0,0,-15,0,-19,0,0,0,0,0,0,0,0,0,0,0,0,14,10,11,17,25,22,39,4,38,35,33,43,83,29,29,29,36,22,106,8,9,-18,-4,-4,-1,-18,-18,-16,-20,-14,-14,-18,-8,-4,0,-8,0,0,0,0,0,0,0,0,0,0,0,0,0,0,0,0,0,0,0,0,0,0,0,0,0,0,0,0,0,0,0,-8,-8]} 1. d4 d5 2. Bf4 c5 3. e3 cxd4 4. exd4 Nc6 5. c3 Bf5 (5... Nf6 6. Bd3 Bg4 7. Qb3 Qc8 8. Nd2 e6 9. Ngf3 Bh5 10. O-O Be7 11. Rae1 a6 12. Qc2 Bg6 13. Ne5 Nxd4 14. Qa4+ Nc6 15. Nxg6 hxg6 16. Nf3 b5 17. Qd1 Qd7 18. a4 bxa4 19. Qxa4 {1-0 (84) Nakamura,H (2780)-Topalov,V (2749) Saint Louis 2017}) 6. Bd3 {B13: Caro-Kann: Exchange Variation and Panov-Botvinnik Attack} Bxd3 7. Qxd3 e6 {LiveBook: 7 Games} 8. Nd2 Bd6 9. Bxd6 Qxd6 10. Qg3 Qxg3 11. hxg3 Nf6 12. Ngf3 Ke7 $146 ({Predecessor:} 12... O-O 13. O-O {½-½ (41) Perez Pardo,A (1788)-Serarols Mabras,B (1974) Salobrena 2012}) 13. a4 Rhc8 14. Ke2 h6 15. a5 Rab8 16. Ra2 b6 17. axb6 a5 18. Ne1 Rxb6 19. Nd3 Rcb8 20. f3 Nd7 21. b3 f6 22. Re1 Kd6 23. Kf2 R6b7 24. Ra4 Rc8 25. c4 g5 26. f4 f5 27. cxd5 Kxd5 28. Rc4 {Nc5 is the strong threat.} Kd6 {[#]} 29. Ne5 (29. Nc5 $1 $16 {[%cal Rc5b7]} Nxc5 30. Rxc5) 29... Ndxe5 $11 30. dxe5+ Kd7 31. Rd1 Ke7 {[#]} (31... Rb4 $11 {remains equal.}) 32. Rdc1 (32. Rh1 $1 $16) 32... Rd8 {The position is equal.} 33. Ke3 Rbd7 34. Nf3 Nb4 35. Nd4 Kf7 {next ...Nd5+ is good for Black.} 36. fxg5 hxg5 37. g4 $1 {[%cal Rg4f5]} Nd5+ ({Of course not} 37... fxg4 $6 38. Ke4 $16) 38. Kf3 $1 Nf4 39. Rc7 {aiming for Nc6.} fxg4+ 40. Ke4 {Threatening Nc6.} Ke8 (40... Kg6 {feels hotter.} 41. Rxd7 Rxd7 42. Rc6 Re7 43. g3 Nh5) 41. Rxd7 Kxd7 {[%mdl 4096] Endgame KRN-KRN} 42. Rc6 Nxg2 {Hoping for ...Nf4.} 43. Rd6+ Kc8 {Threatens to win with ...Rxd6.} 44. Rxd8+ Kxd8 45. Nxe6+ {KN-KN} Ke7 46. Nxg5 Ne1 47. Kf4 Nd3+ 48. Kxg4 Nc5 49. Kf4 Nxb3 50. Ne4 a4 {[%cal Ba5a4,Ba4a3][%mdl 32]} 51. Nc3 a3 52. Ke3 Ke6 53. Kd3 Kxe5 54. Kc2 Na5 55. Nb5 Nc4 {[#] White must now prevent ...a2.} (55... a2 $5 56. Kb2 $8 Kf6 $11) 56. Nxa3 $1 {[%mdl 512]} Nxa3+ {Precision: White = 60%, Black = 55%.} 1/2-1/2

[Event "UKR-ch Semifinal 2018"]
[Site "Omelnyk"]
[Date "2018.10.29"]
[Round "4.8"]
[White "Snigurov, Maxim"]
[Black "Frolov, Artur"]
[Result "0-1"]
[WhiteElo "2161"]
[BlackElo "2425"]
[Annotator "TA"]
[PlyCount "92"]
[EventDate "2018.11.26"]
[EventType "tourn"]
[EventCountry "UKR"]

{[%evp 21,92,3,15,-25,-30,-23,-29,-42,-33,-29,-24,-29,-34,-43,-25,-24,-8,0,0,-82,0,-60,-56,-61,-50,-100,-98,-129,-60,-70,-69,-117,-94,-267,-261,-295,-185,-190,-201,-198,-181,-187,-186,-198,-206,-480,-472,-448,-328,-321,-314,-834,-760,-906,-991,-1026,-989,-1004,-606,-3103,-2956,-2334,-2193,-12837,-11525,-12843,-12843,-12841,-12625,-12845,-12845,-12845,-12845]} 1. e4 c5 2. Nf3 Nc6 3. d4 cxd4 4. Nxd4 Nf6 5. Nc3 d6 6. Be2 e6 7. O-O Be7 8. Be3 O-O 9. f4 Bd7 10. Bf3 a6 {B83: Sicilian Scheveningen: 6 Be2, lines without ...a6} 11. Kh1 Rc8 {LiveBook: 6 Games} 12. g4 {[%cal Bg2g4,Bg4g5][%mdl 32]} (12. Qe2 b5 13. a3 Nxd4 14. Bxd4 Bc6 15. Rad1 Nd7 16. f5 e5 17. Be3 h6 18. g4 Bb7 {0-1 (43) Bezgodov,A (2504)-Kobalia,M (2646) Cheboksary 2016}) 12... Nxd4 {Black has an edge.} 13. Bxd4 Bc6 14. g5 Nd7 15. h4 $146 ({Predecessor:} 15. Bg2 e5 16. Be3 exf4 17. Bxf4 Ne5 18. Qh5 Qa5 {1-0 (60) Kapusta,P (2112)-Soural,J (2163) Namestovo 2017}) 15... e5 16. fxe5 dxe5 17. Bg1 f6 18. Bg4 fxg5 19. Rxf8+ $1 Bxf8 20. Qf1 (20. Qd3 $11 {keeps the balance.}) 20... Nf6 (20... gxh4 $17 21. Rd1 (21. Be6+ Kh8 $17) 21... Qe8) 21. Rd1 (21. Be6+ $1 $11 Kh8 22. Qf5) 21... Qe8 $1 $15 22. Bxc8 Qxc8 23. Qg2 gxh4 {[%cal Bg5h4,Bh4h3][%mdl 32]} 24. Nd5 {Black must now prevent Nxf6+.} Nxd5 (24... Nh5 $1 $17 {And now ...Bxd5 would win.} 25. Bh2 Qe6) 25. exd5 Bd7 $1 26. Bh2 h3 27. Qf2 $2 (27. Qd2 $17 {was forced.}) 27... Qc4 $19 28. Qf3 {Threatens to win with Rf1.} Bg4 (28... Qxc2 29. Bxe5 Bc5 30. Re1 $17) 29. Qd3 {[#]} Qb4 $1 ({Weaker is} 29... Qxa2 30. Rf1 $11) 30. a3 Qxb2 $40 {[%mdl 128] Black is out for blood.} 31. Rf1 {With the idea d6.} Bd6 ({And not} 31... Bxa3 32. d6 $11) ({Don't take} 31... Qxa3 32. Qe4 $15) 32. Qe4 {[#]} h5 $1 33. Bg1 $2 (33. Bg3) 33... Qxa3 34. c4 b5 35. c5 Bxc5 36. Bxc5 $2 (36. Bh2) 36... Qxc5 {[%mdl 4096] Endgame KQR-KQB. Black is clearly winning.} 37. Kh2 Qd4 38. Qxd4 exd4 {KR-KB} 39. d6 Bd7 40. Rf4 a5 {[%cal Ba6a5,Ba5a4,Ba4a3,Ba3a2][%mdl 32]} 41. Rxd4 a4 42. Rb4 g5 {[%cal Bg7g5,Bg5g4][%mdl 32]} 43. Rb1 h4 44. Rc1 a3 45. Rc7 a2 46. Ra7 g4 {Precision: White = 33%, Black = 75%.} 0-1

[Event "UKR-ch Semifinal 2018"]
[Site "Omelnyk"]
[Date "2018.10.30"]
[Round "5.1"]
[White "Kovchan, Alexander"]
[Black "Bogdanovich, Stanislav"]
[Result "1/2-1/2"]
[WhiteElo "2579"]
[BlackElo "2523"]
[Annotator "TA"]
[PlyCount "38"]
[EventDate "2018.11.26"]
[EventType "tourn"]
[EventCountry "UKR"]

{[%evp 18,19,18,11]} 1. e4 e6 2. d4 d5 3. Nd2 dxe4 4. Nxe4 Nd7 5. Nf3 Ngf6 6. Nxf6+ Nxf6 7. Bd3 c5 8. dxc5 Bxc5 9. O-O O-O 10. Qe2 {Vorgänger:} b6 $146 11. Bg5 Bb7 12. Rad1 Qc7 13. Bxf6 gxf6 14. Be4 Rad8 15. c3 Rxd1 16. Rxd1 Bxe4 17. Qxe4 Rd8 18. Rd3 Rxd3 19. Qxd3 Qf4 {½-½ (31) Kobalia,M (2620)-Timofeev,A (2580) Sochi 2018} 1/2-1/2

[Event "UKR-ch Semifinal 2018"]
[Site "Omelnyk"]
[Date "2018.10.30"]
[Round "5.2"]
[White "Gasanov, Eldar"]
[Black "Bernadskiy, Vitaliy"]
[Result "1/2-1/2"]
[WhiteElo "2502"]
[BlackElo "2547"]
[Annotator "TA"]
[PlyCount "29"]
[EventDate "2018.11.26"]
[EventType "tourn"]
[EventCountry "UKR"]

{[%evp 17,28,-8,0,0,0,-5,-14,-36,-38,-34,-23,-20,-21]} 1. Nf3 c5 2. c4 Nc6 3. Nc3 e5 4. g3 g6 5. Bg2 Bg7 6. d3 Nge7 7. Nd2 {[%cal Bf3d2,Bd2f1,Bf1e3][%mdl 32]} d6 {A37: Symmetrical English vs ...g6: 4 Bg2 Bg7 5 Nf3} 8. Nf1 O-O (8... a6 9. Bg5 Rb8 10. a4 Be6 11. Bxe7 Nxe7 12. Ne3 h5 13. h4 O-O 14. Ned5 Nc6 15. e3 a5 16. O-O Nb4 17. Qd2 Qd7 18. Nxb4 cxb4 19. Ne4 Kh8 20. Ng5 Rbe8 21. Nxe6 {½-½ (21) Adhiban,B (2655)-Wei,Y (2743) Wijk aan Zee 2018}) 9. Ne3 a6 {LiveBook: 10 Games} 10. a3 Rb8 11. Rb1 b5 12. cxb5 axb5 13. b4 cxb4 14. axb4 Be6 {Predecessor:} 15. Ned5 $146 1/2-1/2

[Event "UKR-ch Semifinal 2018"]
[Site "Omelnyk"]
[Date "2018.10.30"]
[Round "5.3"]
[White "Pavlov, Sergey"]
[Black "Neverov, Valeriy"]
[Result "1-0"]
[WhiteElo "2480"]
[BlackElo "2488"]
[Annotator "TA"]
[PlyCount "111"]
[EventDate "2018.11.26"]
[EventType "tourn"]
[EventCountry "UKR"]

{[%evp 15,111,39,47,54,61,58,66,74,62,49,65,64,68,66,81,71,77,69,83,62,72,91,78,72,99,86,113,95,92,90,177,162,173,166,172,166,159,161,177,176,241,225,235,250,239,245,253,228,217,211,247,0,199,170,162,166,173,161,174,168,155,162,161,167,195,180,185,175,175,156,186,183,254,219,318,334,362,354,422,404,420,314,349,338,445,432,400,306,286,286,380,368,2181,2067,1306,1245,1128,1091]} 1. c4 e6 2. g3 d5 3. Bg2 dxc4 4. Qa4+ Bd7 5. Qxc4 Bc6 6. Nf3 Nf6 7. O-O Bd6 {A13: English Opening: 1...e6} (7... Nbd7 8. Qc2 e5 9. Nc3 Bd6 10. d4 exd4 11. Nxd4 Bxg2 12. Kxg2 O-O 13. Rd1 Be5 14. e4 Re8 15. f3 Bxd4 16. Rxd4 h6 17. Bf4 c6 18. e5 Nh7 19. Rad1 Nhf8 20. Ne4 Qb6 21. Rd6 Rad8 22. Rxd7 {1-0 (22) Fressinet,L (2693)-Istratescu,A (2633) Nancy 2012}) 8. Qc2 Nbd7 {LiveBook: 3 Games} 9. Nc3 b5 {White is slightly better.} 10. a4 b4 11. Nb5 Bb7 12. a5 a6 13. Nxd6+ cxd6 14. Qa4 $146 ({Predecessor:} 14. d3 O-O 15. Bg5 Rb8 16. Rfc1 Bxf3 17. Bxf3 {1-0 (34) Troyke,D (2058)-Meister,J (2464) Wunsiedel 2015}) 14... Rb8 {[#]} 15. d4 $1 O-O 16. Bd2 Nd5 17. Rfc1 f5 18. Rc4 N7f6 19. Bxb4 Ba8 20. Qa3 Ne4 21. Be1 Qd7 22. Rac1 Rb5 (22... Nef6 $16 {was called for.}) 23. Nd2 $18 Nxd2 24. Bxd2 Rfb8 25. b4 h6 26. f3 Rf8 27. Qd3 Qf7 (27... Rfb8 $142 28. Qc2 Qa7) 28. Rc8 Bb7 29. Rxf8+ Qxf8 30. Qc4 Qe8 31. e3 Kh7 32. Bf1 Qh5 {intending ...Nxe3.} 33. Bg2 $2 (33. Be2 $18) 33... Qg6 $2 (33... Qe8 $1 $11 {and Black has nothing to worry.}) 34. e4 fxe4 35. fxe4 Nf6 36. Qxe6 Bxe4 37. Bxe4 Nxe4 38. Qxg6+ Kxg6 {[%mdl 4096] Endgame KRB-KRN} 39. Be1 Rb7 40. Rc6 Ra7 41. Kg2 Kf5 42. Kf3 Ng5+ 43. Ke2 Ke6 (43... d5 $142 44. h4 Ne4) 44. Kd3 Nf3 {[#]} (44... Kd5 $142 45. b5 axb5) 45. Bc3 $1 Kd5 46. Rb6 Nxh2 47. b5 {Threatens to win with Bb4.} axb5 {Black hopes to continue with ...Ng4.} 48. Rxb5+ Kc6 49. Rb6+ Kc7 50. Bb4 d5 51. Rg6 Kb8 52. a6 Nf3 53. Rd6 Rf7 $2 (53... Kc7 54. Rg6 (54. Rxd5 Rxa6 55. Rf5 Ng5 $16) 54... Ra8) 54. Bc5 {White is clearly winning.} Ne1+ 55. Kd2 Nf3+ 56. Ke3 {Precision: White = 88%, Black = 42%.} 1-0